000 00298nam a2200133Ia 4500
100 _aMukhi Vijay
942 _cBK
654 _aComputer
245 _a''''C'''' Odysssey OS/2 & PM into infinite worlds
260 _bBPB Pub
_aNew Delhi
_c1992
082 _a5.44
546 _aENGLISH
999 _c21438
_d21438